Derecho al olvido. La protección de datos personales como límite a las libertades informativas

Guardat en:
Dades bibliogràfiques
Autor principal: Reusser Monsálvez, Carlos
Format: Desconegut
Idioma:anglès
Publicat: Santiago, Chile. Ediciones Der, 2021
Edició:Segunda edición actualizada y complementada
Col·lecció:Ej. Ensayos jurídicos
Matèries:
Etiquetes: Afegir etiqueta
Sense etiquetes, Sigues el primer a etiquetar aquest registre!

MARC

LEADER 00000 a2200000 4500
003 CL-VaPUC
005 20211123131036.0
008 211102b2021 ||||| |||| 00| 0 eng d
999 |c 433837  |d 433835 
020 |a 9789569959165 
040 |c Pontificia Universidad Católica de Valparaíso 
082 |a 342.830858 REU 2021 
100 1 |a Reusser Monsálvez, Carlos   |9 863870 
245 |a Derecho al olvido.  |b La protección de datos personales como límite a las libertades informativas 
250 |a Segunda edición actualizada y complementada 
260 |a Santiago, Chile.  |b Ediciones Der,   |c 2021 
300 |a 210 páginas  
490 |a Ej. Ensayos jurídicos 
583 |k Cristina María Rojas Aguilar  |c 20211102 
650 0 |a Derecho a la información   |9 256185  |x Limitaciones  
650 0 |a Protección de datos personales  |9 458929  |x Jurisprudencia 
942 |2 ddc  |c BK 
952 |0 0  |1 0  |2 ddc  |4 0  |6 342_830858000000000_REU_2021  |7 0  |8 A  |9 579134  |a BIBDER  |b BIBDER  |d 2021-11-02  |e 22  |g 20000.00  |i 5625017  |l 5  |m 2  |o 342.830858 REU 2021  |p 5625017  |q 2025-05-13  |r 2025-04-29  |s 2025-04-29  |t 1  |v 20000.00  |w 2021-11-02  |y BK  |k DER